The secret of Loch Moyne / (Record no. 9491)

MARC details
000 -LEADER
fixed length control field 01058nam a22002657a 4500
001 - CONTROL NUMBER
control field 9491
003 - CONTROL NUMBER IDENTIFIER
control field FISKH
005 - DATE AND TIME OF LATEST TRANSACTION
control field 20260114152324.0
008 - FIXED-LENGTH DATA ELEMENTS--GENERAL INFORMATION
fixed length control field 260114b cb ||||| |||| 00| 0 eng d
040 ## - CATALOGING SOURCE
Original cataloging agency FISKH
Language of cataloging eng
Transcribing agency FISKH
Modifying agency FISKH
050 ## - LIBRARY OF CONGRESS CALL NUMBER
Classification number PZ7
082 ## - DEWEY DECIMAL CLASSIFICATION NUMBER
Classification number 813
100 ## - MAIN ENTRY--PERSONAL NAME
Personal name MacKellar, William
Relator term Author
245 ## - TITLE STATEMENT
Title The secret of Loch Moyne /
Statement of responsibility, etc. By William MacKellar ; illustrated by Carol Wilde
260 ## - PUBLICATION, DISTRIBUTION, ETC.
Place of publication, distribution, etc. Chicago :
Name of publisher, distributor, etc. Science Research Associates ,
Date of publication, distribution, etc. 1972
300 ## - PHYSICAL DESCRIPTION
Extent 28 pages :
Other physical details color illustrations ;
Dimensions 21 cm
505 ## - FORMATTED CONTENTS NOTE
Formatted contents note P<br/>
520 ## - SUMMARY, ETC.
Summary, etc. Young Wullie Watson spots something in Loch Moyne, Scotland. Can it be a sea monster? Wullie's sister, Fiona, doesn't believe in sea monsters, but Professor Grant thinks there might really be one in the deep waters of the loch. Wullie decides to keep his eyes open, hoping he'll be the first to see the monster.
521 8# - TARGET AUDIENCE NOTE
Target audience note 650<br/>
Source Lexile estimate<br/>
521 8# - TARGET AUDIENCE NOTE
Target audience note P<br/>
Source Raz-Plus<br/>
650 ## - SUBJECT ADDED ENTRY--TOPICAL TERM
Topical term or geographic name entry element Secret
Form subdivision Sea monster
700 ## - ADDED ENTRY--PERSONAL NAME
Personal name Wilde, Carol
Relator term Illustrator
942 ## - ADDED ENTRY ELEMENTS (KOHA)
Source of classification or shelving scheme Dewey Decimal Classification
Koha item type Books
Suppress in OPAC No
Holdings
Withdrawn status Lost status Source of classification or shelving scheme Damaged status Not for loan Collection Home library Current library Shelving location Date acquired Total Checkouts Full call number Barcode Date last seen Copy number Price effective from Koha item type
    Dewey Decimal Classification     Juvenile Fiction Footprints International School Library Network Toul Tom Poung Campus Footprints International School Library Network Toul Tom Poung Campus TTP Primary Orange Bookshelves 01/14/2026   MAC 813 PZ7 FISBK072055 01/14/2026 1 01/14/2026 Books